000 00554cam a22002171 4500
001 sa 68008717
003 DLC
005 20260227112535.0
008 890509s1968 ii 000 0 hino
010 _asa 68008717
035 _a(OCoLC)19684945
040 _aDLC
_cWaU
_dDLC
042 _apremarc
050 0 0 _aPL1939
_b.S8
100 1 _aŚukla, Śrīkr̥shna.
245 1 0 _aHindī-paryyāyavācī kośa.
260 _c[1968]
300 _a8, 2, 219, 6, 33 p.
_c19 cm.
500 _aIn Hindi.
650 0 _aHindi language
_xSynonyms and antonyms.
999 _c82522
_d82522